Discographie de COLT - Statistiques

Statistiques générales
  • Ce quiz a été pris 3 fois
  • Le résultat moyen est 9 sur 40
Statistiques - réponses
Album Titre % Correct
Mille vies Insomnies
100%
Singles Break up with Your Cellphone
67%
Mille vies Mille vies
67%
Saveur coeur abîmé Saveur coeur abîmé
67%
Singles Alicia
33%
Mille vies Chaos
33%
Saveur coeur abîmé Demi-mot
33%
Saveur coeur abîmé Désabille-toi
33%
Saveur coeur abîmé Désolée
33%
Singles Do I Go To Oslo ?
33%
Singles Esquives
33%
Singles Etoile filante
33%
Saveur coeur abîmé Fleuve
33%
Saveur coeur abîmé Invincible
33%
SOMA Lâchez-moi
33%
Saveur coeur abîmé Lionnes
33%
Mille vies Oublie pas ok ?
33%
Saveur coeur abîmé Petite féline
33%
Saveur coeur abîmé Premier
33%
Singles The Shore
33%
SOMA Under My Arms
33%
Saveur coeur abîmé Voyage interdit
33%
SOMA Walfare Queens
33%
SOMA AI Love Story
0%
Singles Anxiously Me
0%
SOMA Anyway
0%
Singles Comfort Zone
0%
Mille vies Démarre
0%
Saveur coeur abîmé Éternité
0%
Mille vies La salle aux lumières
0%
Singles North
0%
SOMA OAEOA
0%
Singles Once More
0%
Singles Outside
0%
SOMA Over
0%
Singles Ramenez-moi
0%
Saveur coeur abîmé Reboot
0%
Mille vies Scooter
0%
Singles Tell The Lord
0%
Singles Write a Song
0%
Aucun quiz correspondant
Distribution des résultats
% des personnes avec chaque résultat
Percentile par nombre de réponses
Votre historique - résultats
Vous n’avez pas pris ce quiz